Statistics for 90-Second Country/Capital Sprint

Click here to take the quiz!

General Stats

  • This quiz has been taken 300 times
    (125 since last reset)
  • The average score is 14 of 21

Answer Stats

HintAnswer% Correct
CopenhagenDenmark
96%
ViennaAustria
93%
LisbonPortugal
89%
ReykjavikIceland
86%
AnkaraTurkey
86%
MinskBelarus
83%
BeirutLebanon
83%
ManilaPhilippines
82%
SantiagoChile
80%
KathmanduNepal
78%
MontevideoUruguay
74%
TripoliLibya
71%
AntananarivoMadagascar
62%
N'DjamenaChad
52%
FunafutiTuvalu
46%
DodomaTanzania
45%
AsmaraEritrea
44%
LibrevilleGabon
44%
MbabaneEswatini
38%
HoniaraSolomon Islands
38%
9-Letter CapitalPODGORICA
35%

Score Distribution

Percentile by Number Answered

Percent of People with Each Score

Your Score History

You have not taken this quiz since the last reset